[Event "British Chess Championships 2023: Junior Blitz Open"]
[Site "The Venue, De Montfort University, 20 Western Boulevard, Leicester, LE2 7BU"]
[Date "2023.07.27"]
[Round "5"]
[Board "5"]
[White "Nawalaniec, Adam"]
[Black "Banerjee, Supratit"]
[Result "0-1"]
[WhiteElo "1614"]
[BlackElo "1918"]
[PlyCount "0"]
[EventDate "2023.07.27"]
[EventRounds "9"]
[EventCountry "ENG"]

1. e4 e6 2. d4 d5 3. Nd2 dxe4 4. Nxe4 Nd7 5. Nf3 Ngf6 6. Ng3 c5 7. Be3 cxd4 8. Bxd4
Bd6 9. Bxf6 Nxf6 10. Bb5+ Bd7 11. Bxd7+ Qxd7 12. O-O O-O-O 13. Qe2 Qc7 14. Rad1 Nd5
15. Nd4 a6 16. c4 Nf4 17. Qf3 h5 18. Ne4 Be5 19. Ne2 g5 20. Nxg5 Nxe2+ 21. Qxe2 Bxh2+
22. Kh1 Bf4 23. Ne4 h4 24. Qf3 e5 25. c5 f5 26. Nd6+ Kb8 27. Nxf5 Rxd1 28. Rxd1 Qxc5
29. Rd7 Qc1+ 30. Qd1 Rc8 31. Nxh4 Qxb2 32. Qd6+ Ka7 33. g3 Qxf2 34. Qd1 Bxg3 35.
Ng2 Rh8+  0-1

[Event "British Chess Championships 2023: Junior Blitz Open"]
[Site "The Venue, De Montfort University, 20 Western Boulevard, Leicester, LE2 7BU"]
[Date "2023.07.27"]
[Round "5"]
[Board "6"]
[White "Humphreys, Benjamin"]
[Black "Kairat, Alexander"]
[Result "1-0"]
[WhiteElo "1723"]
[BlackElo "1486"]
[PlyCount "0"]
[EventDate "2023.07.27"]
[EventRounds "9"]
[EventCountry "ENG"]

1. e4 c5 2. Nc3 Nc6 3. Nge2 e5 4. g3 d6 5. Bg2 Nf6 6. d3 Be7 7. O-O O-O 8. h3 h6
9. f4 a6 10. f5 b5 11. g4 Nh7 12. Kh2 b4 13. Nb1 Bg5 14. Bxg5 Qxg5 15. Ng3 Nd4 16.
Nd2 Bb7 17. c3 bxc3 18. bxc3 Nc6 19. Nf3 Qe7 20. h4 Nf6 21. Bh3 Nh7 22. Qd2 Rac8
23. g5 hxg5 24. hxg5 c4 25. g6 Nf6 26. gxf7+ Qxf7 27. Ng5 Qe7 28. Ne6 Rf7 29. dxc4
Na5 30. Qe2 Nxc4 31. Rae1 d5 32. Nh5 Nxe4 33. Rg1 Qh4 34. Nhxg7 Kh8 35. Rg4 Qf2+
36. Qxf2 Nxf2 37. Rh4+ Kg8 38. Rg1 Rcc7 39. Nh5+ Rg7 40. Rxg7+ Rxg7 41. Nexg7 Kf7
42. f6 e4 43. Be6+ Kf8 44. Nf4 Ne5 45. Rh8#  1-0

[Event "British Chess Championships 2023: Junior Blitz Open"]
[Site "The Venue, De Montfort University, 20 Western Boulevard, Leicester, LE2 7BU"]
[Date "2023.07.27"]
[Round "5"]
[Board "7"]
[White "Lebedev, Lion"]
[Black "Mittal, Aditya"]
[Result "1-0"]
[WhiteElo "1865"]
[BlackElo "1737"]
[PlyCount "0"]
[EventDate "2023.07.27"]
[EventRounds "9"]
[EventCountry "ENG"]

1. e4 e6 2. d4 d5 3. Nc3 Be7 4. Nf3 Nf6 5. e5 Nfd7 6. Be2 c5 7. Be3 cxd4 8. Bxd4
Nc6 9. O-O O-O 10. a3 Qc7 11. Re1 Ndxe5 12. Nxe5 Nxe5 13. Nb5 Qb6 14. Bxb6 axb6 15.
Bd3 Nxd3 16. Qxd3 Bf6 17. c3 Bd7 18. a4 Ra5 19. b4 Ra6 20. Nd6 Ra7 21. a5 Rd8 22.
axb6 Rxa1 23. Rxa1 Bc6 24. Nb5 g6 25. h3 Kg7 26. Ra7 e5 27. Nc7 d4 28. b5 e4 29.
Qd1 Bd5 30. Nxd5 Rxd5 31. Rxb7 d3 32. c4 Rc5 33. Rc7 Rf5 34. b7 Bd4 35. b8=Q Rxf2
36. Kh1 e3 37. Qxd3 Be5 38. Qxe3 Rf1+ 39. Qg1 Rf4 40. Qc8 g5 41. Rc5 Bf6 42. Qg4
Kg6 43. g3 h5 44. Qxg5+ Bxg5 45. gxf4 f6 46. fxg5 h4 47. gxf6+ Kf7 48. Re5 Kxf6 49.
Qg5+ Kf7 50. Re7+ Kf8 51. Qg7#  1-0

[Event "British Chess Championships 2023: Junior Blitz Open"]
[Site "The Venue, De Montfort University, 20 Western Boulevard, Leicester, LE2 7BU"]
[Date "2023.07.27"]
[Round "5"]
[Board "8"]
[White "Sedykh, Stakhey"]
[Black "Li, Xiaofan"]
[Result "1/2-1/2"]
[WhiteElo "1832"]
[BlackElo "1673"]
[PlyCount "0"]
[EventDate "2023.07.27"]
[EventRounds "9"]
[EventCountry "ENG"]

1. e4 c6 2. d4 d5 3. e5 Bf5 4. Bd3 Bxd3 5. Qxd3 e6 6. c3 c5 7. Ne2 Nc6 8. Nd2 cxd4
9. cxd4 Nge7 10. O-O Ng6 11. f4 Bb4 12. f5 exf5 13. Qxf5 O-O 14. a3 Ba5 15. Nb3 Bb6
16. Bg5 Qc8 17. Qxc8 Raxc8 18. Rac1 Ngxe5 19. Be3 Nc4 20. Rc3 Rfe8 21. Rf3 Nxb2 22.
Nf4 Nd1 23. Rd3 Nxe3 24. Rfxe3 Rxe3 25. Rxe3 Nxd4 26. Nxd5 Nxb3 27. Nxb6 axb6 28.
Rxb3 Rc6 29. Kf2 Kf8 30. g3 Ke7 31. h4 f5 32. Re3+ Re6 33. Rc3 Rd6 34. Rc7+ Rd7 35.
Rc3 g6 36. Re3+ Kf6 37. Rc3 Ke5 38. Ke3 h6 39. Rb3 Rd6 40. Rb5+ Kf6 41. Rb4 g5 42.
Rc4 Rc6 43. Rd4 Rc3+ 44. Kf2 gxh4 45. gxh4 Rc6 46. Rd7 Rc3 47. Rxb7 Rxa3 48. Rxb6+
Kg7 49. Rd6 Rh3 50. Rd4 Kg6 51. Kg2 Rb3 52. Rf4 Re3 53. Kh2 Re4 54. Kg3 Re3+ 55.
Kg2 Re5 56. Kg3 Kh5 57. Rf3 Kg6 58. Rf4 Kf6 59. Rf3 Re4 60. Ra3 Rg4+ 61. Kh3  1/2-1/2

[Event "British Chess Championships 2023: Junior Blitz Open"]
[Site "The Venue, De Montfort University, 20 Western Boulevard, Leicester, LE2 7BU"]
[Date "2023.07.27"]
[Round "5"]
[Board "9"]
[White "Yu, Rock"]
[Black "Marsden, Rupert"]
[Result "1-0"]
[WhiteElo "1637"]
[BlackElo "1707"]
[PlyCount "0"]
[EventDate "2023.07.27"]
[EventRounds "9"]
[EventCountry "ENG"]

1. c4 Nf6 2. Nc3 e6 3. e4 d6 4. g3 c6 5. Bg2 d5 6. cxd5 cxd5 7. e5 Nfd7 8. d4 Nc6
9. Nge2 Bb4 10. O-O O-O 11. a3 Ba5 12. b4 Bb6 13. Be3 a5 14. b5 Ne7 15. a4 Nf5 16.
Rc1 f6 17. Nf4 Qe8 18. Nxe6 Nxe3 19. fxe3 Kh8 20. Nxf8 Qxf8 21. Nxd5 Qd8 22. exf6
Nxf6 23. Nxf6 gxf6 24. Qd3 Be6 25. Rf2 Rc8 26. Rxc8 Qxc8 27. Qc2 Qd7 28. Rxf6 Qe7
29. Rf1 Bg4 30. Qe4 Qd7 31. Qe5+ Kg8 32. Bd5+ Qxd5 33. Qxd5+ Kg7 34. Rf7+ Kg8 35.
Rxb7+ Kh8 36. Qe5+ Kg8 37. Qg7#  1-0

[Event "British Chess Championships 2023: Junior Blitz Open"]
[Site "The Venue, De Montfort University, 20 Western Boulevard, Leicester, LE2 7BU"]
[Date "2023.07.27"]
[Round "5"]
[Board "10"]
[White "Pert, Nina P"]
[Black "Hariharan, Shambavi"]
[Result "1-0"]
[WhiteElo "1735"]
[BlackElo "1528"]
[PlyCount "0"]
[EventDate "2023.07.27"]
[EventRounds "9"]
[EventCountry "ENG"]

1. e4 c6 2. c4 d5 3. exd5 cxd5 4. cxd5 Nf6 5. Nc3 Nxd5 6. Nf3 Nxc3 7. bxc3 Nc6 8.
d4 e6 9. Be2 Be7 10. O-O O-O 11. Be3 Bf6 12. Qd2 b6 13. Rad1 Bb7 14. Ng5 h6 15. Ne4
Rc8 16. Bf3 Re8 17. Rfe1 Na5 18. Qc1 Be7 19. Rd3 Nc4 20. Bxh6 gxh6 21. Qxh6 Bxe4
22. Bxe4 Bg5 23. Rg3 f6 24. h4 Rc7 25. hxg5 fxg5 26. Rxg5+ Kf7 27. Rg7+ Kf8 28. Qh8#
 1-0

[Event "British Chess Championships 2023: Junior Blitz Open"]
[Site "The Venue, De Montfort University, 20 Western Boulevard, Leicester, LE2 7BU"]
[Date "2023.07.27"]
[Round "5"]
[Board "11"]
[White "Roul, Tushar"]
[Black "Patel, Zain"]
[Result "1/2-1/2"]
[WhiteElo "1660"]
[BlackElo "1919"]
[PlyCount "0"]
[EventDate "2023.07.27"]
[EventRounds "9"]
[EventCountry "ENG"]

1. e4 c6 2. d4 d5 3. exd5 cxd5 4. Bd3 Nc6 5. c3 Nf6 6. Nf3 Bg4 7. h3 Bh5 8. Bf4 e6
9. Nbd2 Bd6 10. Bxd6 Qxd6 11. O-O O-O 12. Qc2 Rac8 13. Qb3 Na5 14. Qc2 Nc4 15. Nxc4
dxc4 16. Be4 b5 17. Ne5 a5 18. a3 b4 19. axb4 axb4 20. g4 Nxe4 21. Qxe4 Bg6 22. Nxg6
hxg6 23. Rfe1 bxc3 24. bxc3 Rfe8 25. f4 f5 26. Qe5 Qd5 27. Qxd5 exd5 28. Re5 Rxe5
29. fxe5 Rb8 30. Ra5 Rb3 31. e6 Kf8 32. Rxd5 Rxc3 33. Kg2 f4 34. Rc5 Ke7 35. d5 Kd6
36. e7 Kxe7 37. Rc7+ Kd6 38. Rxg7 Rg3+ 39. Kf2 c3 40. Rxg6+ Kxd5 41. Rg5+ Kd4 42.
Rf5 Ke4 43. Rc5 Rxh3 44. g5 c2 45. Kg2 Rg3+ 46. Kf2 Rxg5 47. Rxc2 Rh5 48. Rc4+ Kf5
49. Rc5+ Kg4 50. Rxh5 Kxh5 51. Kf3 Kg5 52. Kf2 Kf5 53. Kf3 Ke5 54. Kf2 Ke4 55. Ke2
Kd4 56. Kf3 Ke5 57. Kf2 Ke4 58. Ke2 f3+ 59. Kf2 Kf4 60. Kf1 Ke5  1/2-1/2

[Event "British Chess Championships 2023: Junior Blitz Open"]
[Site "The Venue, De Montfort University, 20 Western Boulevard, Leicester, LE2 7BU"]
[Date "2023.07.27"]
[Round "5"]
[Board "12"]
[White "Buckland, Louis"]
[Black "Babu, Rahul"]
[Result "0-1"]
[WhiteElo "1651"]
[BlackElo "1863"]
[PlyCount "0"]
[EventDate "2023.07.27"]
[EventRounds "9"]
[EventCountry "ENG"]

1. d4 b5 2. Nf3 Bb7 3. e3 a6 4. Be2 e6 5. O-O Nf6 6. a4 b4 7. c4 c5 8. Qc2 Be7 9.
b3 cxd4 10. exd4 O-O 11. Nbd2 d6 12. Bb2 Nbd7 13. Rac1 Rc8 14. Qd1 Ne4 15. Nxe4 Bxe4
16. Nd2 Ba8 17. Bf3 Nf6 18. Qe2 Bxf3 19. Nxf3 Re8 20. Rfd1 Qa5 21. Qd3 h6 22. h3
Nd7 23. Qd2 Bf6 24. d5 exd5 25. cxd5 Rxc1 26. Rxc1 Bxb2 27. Qxb2 Qxd5 28. Ne1 Nc5
29. Qc2 Qxb3 30. Qxb3 Nxb3 31. Rd1 Nc5 32. Nc2 b3 33. Nb4 a5 34. Nc6 Nxa4 35. Nxa5
b2 36. Nc4 Rc8 37. Nxb2 Nxb2 38. Rxd6 g6 39. g4 Kg7 40. Kg2 Rc2 41. Kg3 Nc4 42. Rd4
Ne5 43. Kf4 Nc6 44. Rd3 Rxf2+ 45. Kg3 Ra2 46. Rb3 Ne7 47. Rb7 Nd5 48. Rb5 Ra3+ 49.
Kh2 Nf4 50. g5  0-1

[Event "British Chess Championships 2023: Junior Blitz Open"]
[Site "The Venue, De Montfort University, 20 Western Boulevard, Leicester, LE2 7BU"]
[Date "2023.07.27"]
[Round "5"]
[Board "13"]
[White "Freeman, Luke"]
[Black "Vaidyanathan, Adithya"]
[Result "0-1"]
[WhiteElo "1639"]
[BlackElo "1810"]
[PlyCount "0"]
[EventDate "2023.07.27"]
[EventRounds "9"]
[EventCountry "ENG"]

1. e4 c5 2. c3 e5 3. Nf3 Nc6 4. d4 cxd4 5. cxd4 exd4 6. Nxd4 d6 7. Nc3 Nf6 8. Be3
Be7 9. Bc4 Bd7 10. O-O O-O 11. f3 Qc7 12. Ndb5 Qb8 13. a4 a6 14. Nd4 Rd8 15. a5 Qc7
16. Nxc6 bxc6 17. Bb6 Qb7 18. Bxd8 Rxd8 19. b3 Qb4 20. Ne2 d5 21. exd5 cxd5 22. Bxa6
d4 23. Bc4 Bf5 24. Ng3 Bg6 25. Bd3 Nd5 26. Re1 Ne3 27. Qd2 Qxd2 28. Bxg6 Qxg2#  0-1

[Event "British Chess Championships 2023: Junior Blitz Open"]
[Site "The Venue, De Montfort University, 20 Western Boulevard, Leicester, LE2 7BU"]
[Date "2023.07.27"]
[Round "5"]
[Board "14"]
[White "Madhavan, Sanjith"]
[Black "Sharma, Josh"]
[Result "1-0"]
[WhiteElo "1793"]
[BlackElo "1663"]
[PlyCount "0"]
[EventDate "2023.07.27"]
[EventRounds "9"]
[EventCountry "ENG"]

1. Nf3 Nf6 2. g3 g6 3. Bg2 Bg7 4. c4 O-O 5. O-O d6 6. d4 c5 7. Nc3 Nc6 8. dxc5 dxc5
9. Be3 Qa5 10. Qb3 Qb4 11. Qxb4 cxb4 12. Nd5 Nxd5 13. cxd5 Ne5 14. Bc5 Nxf3+ 15.
Bxf3 Bxb2 16. Rab1 Bf6 17. Bxb4 Rd8 18. Rfc1 Rb8 19. Rc7 Kf8 20. e4 Ke8 21. e5 Bf5
22. Re1 Bg5 23. h4 a5 24. Ba3 b5 25. hxg5 b4 26. Bb2 Rdc8 27. Rec1 Kd8 28. Rxc8+
Rxc8 29. Rxc8+ Kxc8 30. Kf1 a4 31. a3 bxa3 32. Bxa3 Kd7 33. Ke2 Bc2 34. Ke3 Bb3 35.
Kd4 e6 36. d6 Bc2 37. Kc5 Bf5 38. Bc6+  1-0

[Event "British Chess Championships 2023: Junior Blitz Open"]
[Site "The Venue, De Montfort University, 20 Western Boulevard, Leicester, LE2 7BU"]
[Date "2023.07.27"]
[Round "5"]
[Board "15"]
[White "Pert, Max P"]
[Black "Burnton, Joshua"]
[Result "1-0"]
[WhiteElo "1614"]
[BlackElo "1733"]
[PlyCount "0"]
[EventDate "2023.07.27"]
[EventRounds "9"]
[EventCountry "ENG"]

1. d4 Nf6 2. Bg5 b6 3. c4 Bb7 4. Nc3 h6 5. Bxf6 exf6 6. e3 Bb4 7. f3 O-O 8. Bd3 Re8
9. Qd2 a5 10. Nge2 Be7 11. O-O-O Na6 12. a3 d6 13. Bc2 Rc8 14. Qd3 g6 15. h4 Kh7
16. h5 Rg8 17. Nf4 Qe8 18. Rh2 Bf8 19. g4 Rd8 20. d5 Bc8 21. Rdh1 f5 22. g5 Be7 23.
hxg6+ fxg6 24. Rxh6+ Kg7 25. Rxg6+ Qxg6 26. Nxg6 Kxg6 27. Qd4 Bxg5 28. f4 Bf6 29.
Qd2 Rh8 30. Rxh8 Rxh8 31. Qg2+ Kf7 32. Nb5 Re8 33. Kd2 Re7 34. Qh3 Nc5 35. Bxf5 Bxf5
36. Qxf5 Ne4+ 37. Kc1 Nc5 38. Qh7+ Ke8 39. Qg8+ Kd7 40. Qg4+ Kd8 41. Na7 Rd7 42.
Nc6+  1-0

[Event "British Chess Championships 2023: Junior Blitz Open"]
[Site "The Venue, De Montfort University, 20 Western Boulevard, Leicester, LE2 7BU"]
[Date "2023.07.27"]
[Round "5"]
[Board "16"]
[White "Sisupalan, Beni"]
[Black "Verbytski, Oleg"]
[Result "1-0"]
[WhiteElo "1585"]
[BlackElo "1727"]
[PlyCount "0"]
[EventDate "2023.07.27"]
[EventRounds "9"]
[EventCountry "ENG"]

1. e4 c5 2. Nf3 d6 3. d4 cxd4 4. Nxd4 Nf6 5. Nc3 a6 6. Be3 e6 7. Qd2 Be7 8. Be2 b5
9. a3 Bb7 10. Bf3 Qc7 11. O-O Nbd7 12. Kh1 Rc8 13. Rad1 Nc5 14. e5 dxe5 15. Bxb7
Qxb7 16. Nf3 e4 17. Nd4 O-O 18. f4 exf3 19. Rxf3 Rfd8 20. Qe2 Nce4 21. Nxe4 Qxe4
22. Rf4 Qb7 23. Rf3 e5 24. Nf5 Rxd1+ 25. Qxd1 Rd8 26. Qe2 Bf8 27. h3 Qd5 28. Kh2
e4 29. Rg3 Qxf5 30. Rg5 Qe6 31. Qf2 h6 32. Rf5 Qd6+ 33. Bf4 Qe6 34. Bxh6 gxh6 35.
Rxf6 Bd6+ 36. g3 e3 37. Qf3 Bxg3+ 38. Qxg3+ Kh7 39. Rxe6 fxe6 40. Qxe3 Rd6 41. Qe4+
Kg8 42. Qe5 Rc6 43. Qg3+ Kh7 44. Qd3+ Kg8 45. Qd7 Rxc2+ 46. Kg3 Rxb2 47. Qxe6+ Kh7
48. Qxa6 Rb3+ 49. Kg4 Re3 50. Qa7+ Kg6 51. Qxe3 b4 52. axb4 h5+ 53. Kg3 Kf5 54. b5
h4+ 55. Kxh4 Kg6 56. b6 Kf5 57. b7 Ke6  1-0

[Event "British Chess Championships 2023: Junior Blitz Open"]
[Site "The Venue, De Montfort University, 20 Western Boulevard, Leicester, LE2 7BU"]
[Date "2023.07.27"]
[Round "5"]
[Board "17"]
[White "Catabay, Mae C"]
[Black "Xu, Jiarui"]
[Result "1-0"]
[WhiteElo "1494"]
[BlackElo "1400"]
[PlyCount "0"]
[EventDate "2023.07.27"]
[EventRounds "9"]
[EventCountry "ENG"]

1. e4 e5 2. f4 d6 3. Nf3 Nc6 4. c3 f6 5. d4 Bg4 6. Be2 exd4 7. cxd4 Be7 8. O-O f5
9. e5 d5 10. Nc3 Bb4 11. Be3 Nge7 12. h3 Bh5 13. a3 Ba5 14. b4 Bb6 15. Qd2 O-O 16.
Rad1 Qd7 17. Ng5 Bxe2 18. Qxe2 h6 19. e6 Qd6 20. Nb5 Qd8 21. Nf7 Rxf7 22. exf7+ Kxf7
23. Qh5+ Kg8 24. Rf3 a6 25. Nc3 Qd6 26. g4 fxg4 27. hxg4 Rf8 28. f5 Kh7 29. Kg2 Nd8
30. Rdf1 Nf7 31. g5 Kh8 32. g6 Qf6 33. gxf7 Rxf7 34. Qg4 c6 35. Ne2 Bc7 36. Ng3 Bxg3
37. Kxg3 Kg8 38. Kg2 Kf8 39. Qf4 Qg5+ 40. Qxg5 hxg5 41. Bxg5 Nc8 42. f6 g6 43. Bh6+
Ke8 44. Re3+ Kd7 45. Bg7 b6 46. Rfe1 a5 47. bxa5 bxa5 48. Re8 a4 49. Rf8 Rxf8 50.
Bxf8 Nb6 51. f7 Nc4 52. Bc5 Nd6 53. Bxd6 Kxd6 54. f8=Q+  1-0

[Event "British Chess Championships 2023: Junior Blitz Open"]
[Site "The Venue, De Montfort University, 20 Western Boulevard, Leicester, LE2 7BU"]
[Date "2023.07.27"]
[Round "5"]
[Board "18"]
[White "Rastogi, Nayan Keats"]
[Black "Whelan, Joseph"]
[Result "1-0"]
[WhiteElo "1434"]
[BlackElo "1675"]
[PlyCount "0"]
[EventDate "2023.07.27"]
[EventRounds "9"]
[EventCountry "ENG"]

1. e4 e6 2. d4 d5 3. e5 c5 4. c3 Nc6 5. Nf3 Qb6 6. a3 Bd7 7. b4 c4 8. a4 a6 9. Be2
Nge7 10. Ba3 Ng6 11. g3 Be7 12. h4 h5 13. Nfd2 O-O-O 14. Bxh5 a5 15. b5 Na7 16. Bxg6
Bxa3 17. Nxa3 fxg6 18. Qg4 Be8 19. Nf3 Bf7 20. Ng5 Rd7 21. O-O-O Kb8 22. f4 Re8 23.
Nxf7 Rxf7 24. Qxg6 Qc7 25. h5 Nc8 26. Qc2 Nb6 27. Rdf1 Qe7 28. Kb2 Rh8 29. g4 Rhf8
30. Qd2 Nxa4+ 31. Ka2 Nxc3+ 32. Qxc3 Rxf4 33. Rxf4 Rxf4 34. Qe3 Re4 35. Qd2 Qf7 36.
Qxa5 Qf2+ 37. Ka1 Qxd4+ 38. Kb1 b6 39. Qb4 Qd3+ 40. Nc2 Qb3+ 41. Qxb3 cxb3 42. Na3
Rxe5 43. Rg1 Rg5 44. Kb2 Kc7 45. Kxb3 Kd6 46. Kc3 Ke5 47. Kd3 Kf4 48. Nc2 e5 49.
Ke2 e4 50. Nd4 Rxg4 51. Ne6+ Kf5 52. Rxg4 Kxg4 53. Nxg7 Kg5 54. Ke3 Kh6 55. Nf5+
Kxh5 56. Ne7 Kg5 57. Nxd5 Kf5 58. Nxb6 Ke6 59. Nc4 Kd7 60. Kxe4 Kc7 61. b6+ Kc6 62.
Kd4 Kb7 63. Kc5 Kc8 64. Kc6 Kb8 65. b7 Ka7 66. Kc7 Ka6 67. Nd6 Ka5 68. b8=Q Ka6 69.
Qb6#  1-0

[Event "British Chess Championships 2023: Junior Blitz Open"]
[Site "The Venue, De Montfort University, 20 Western Boulevard, Leicester, LE2 7BU"]
[Date "2023.07.27"]
[Round "5"]
[Board "19"]
[White "Ding, Yiwen"]
[Black "Leung, Hao Ran"]
[Result "0-1"]
[WhiteElo "1664"]
[BlackElo "1432"]
[PlyCount "0"]
[EventDate "2023.07.27"]
[EventRounds "9"]
[EventCountry "ENG"]

1. d4 Nf6 2. c4 e6 3. Nf3 d5 4. Nc3 Be7 5. Bg5 O-O 6. e3 b6 7. cxd5 Nxd5 8. Bxe7
Nxe7 9. Bd3 c5 10. dxc5 bxc5 11. O-O Bb7 12. Be2 Qb6 13. Na4 Qc6 14. Rc1 Nd7 15.
b4 Rad8 16. Qc2 cxb4 17. Qxc6 Bxc6 18. Nc5 Nxc5 19. Rxc5 Bxf3 20. Bxf3 Rd2 21. Rc7
Nc8 22. Rfc1 Nd6 23. Rxa7 Nb5 24. Rb7 Nc3 25. Rxb4 Nxa2 26. Rbc4 Nxc1 27. Rxc1 Rfd8
28. h3 g5 29. Rc5 h6 30. h4 f5 31. hxg5 hxg5 32. e4 g4 33. Bxg4 fxg4 34. Rg5+ Kf7
35. Rxg4 Rd1+ 36. Kh2 Rh8+ 37. Kg3 Rg8 38. Rxg8 Kxg8 39. f3 Kf7 40. Kf4 Ra1 41. g4
Ra5 42. e5 Kg6 43. Kg3 Rxe5 44. f4 Re3+ 45. Kf2 Rb3 46. f5+ exf5 47. gxf5+ Kxf5 48.
Ke2 Ke4 49. Kd2 Kd4 50. Kc2 Rg3 51. Kb2 Kc4 52. Ka2 Kb4 53. Kb2 Rg2+ 54. Kc1 Kc3
55. Kd1 Ra2 56. Ke1 Kd3 57. Kf1 Ke3 58. Kg1 Kf3 59. Kh1 Kg3 60. Kg1 Ra1#  0-1

[Event "British Chess Championships 2023: Junior Blitz Open"]
[Site "The Venue, De Montfort University, 20 Western Boulevard, Leicester, LE2 7BU"]
[Date "2023.07.27"]
[Round "5"]
[Board "20"]
[White "Aleksandrov, Igor"]
[Black "Schweitzer, Zubin"]
[Result "1/2-1/2"]
[WhiteElo "1637"]
[BlackElo "1495"]
[PlyCount "0"]
[EventDate "2023.07.27"]
[EventRounds "9"]
[EventCountry "ENG"]

1. d4 Nf6 2. c4 c5 3. d5 b5 4. cxb5 a6 5. e3 d6 6. Nc3 g6 7. Nf3 Bg7 8. bxa6 Bxa6
9. Bxa6 Nxa6 10. O-O O-O 11. e4 Nd7 12. Bf4 Qa5 13. Qc2 f5 14. exf5 Rxf5 15. Bg5
Nb4 16. Qd2 Re8 17. Rfe1 Nf6 18. Re6 Qa8 19. Rae1 Nbxd5 20. Nxd5 Rxd5 21. Qc2 Qxa2
22. h3 Qa7 23. Qc4 Qb7 24. Bf4 Kf8 25. b3 Nd7 26. Ng5 h6 27. Ne4 Nf6 28. Nxf6 Bxf6
29. Bxh6+ Kf7 30. Bf4 Kg7 31. Bxd6 Rxd6 32. Rxd6 exd6 33. Rxe8 Qc6 34. Qg8+ Kh6 35.
Re6 Qd5 36. Qe8 Qd1+ 37. Re1 Qd5 38. Qe6 Qd4 39. Qc4 Qd2 40. Qe2 Qd5 41. Qe3+ Bg5
42. f4 Bf6 43. h4 Kg7 44. Qe8 Bd4+ 45. Re3 Qxb3 46. Qe7+ Qf7 47. Qxf7+ Kxf7 48. Kf2
c4 49. Ke2 Bxe3 50. Kxe3 d5 51. Kd4 Kf6 52. g4 Ke6 53. h5 gxh5 54. gxh5 Kf6 55. Kc3
Kf5 56. Kd4 Kf6 57. Kc3 Kf5 58. Kd4 Kf6 59. Kc3  1/2-1/2

[Event "British Chess Championships 2023: Junior Blitz Open"]
[Site "The Venue, De Montfort University, 20 Western Boulevard, Leicester, LE2 7BU"]
[Date "2023.07.27"]
[Round "5"]
[Board "21"]
[White "Wang, Yuan Ya"]
[Black "Sasikumar, Srivathsan"]
[Result "0-1"]
[WhiteElo "1130"]
[BlackElo "1787"]
[PlyCount "0"]
[EventDate "2023.07.27"]
[EventRounds "9"]
[EventCountry "ENG"]

1. e4 c5 2. f4 e6 3. Nf3 d5 4. Bb5+ Nc6 5. d3 dxe4 6. Bxc6+ bxc6 7. dxe4 Qxd1+ 8.
Kxd1 Nf6 9. Nc3 Bb7 10. Be3 Be7 11. Ke2 O-O 12. Rhe1 Rfd8 13. Kf1 Ng4 14. Kg1 Nxe3
15. Rxe3 c4 16. Re2 Bc5+ 17. Kh1 Rd7 18. Ne5 Rd4 19. Rf1 Rad8 20. h3 Rd2 21. Rxd2
Rxd2 22. Na4 Bd4 23. Nf3 Be3 24. c3 Rd7 25. Ne5 Rd8 26. b3 cxb3 27. axb3 c5 28. b4
cxb4 29. cxb4 Bxe4 30. Re1 Bxf4 31. Nc5 Ba8 32. Ncd7 Bxe5 33. Nxe5 f6 34. Nf3 e5
35. Kh2 Bxf3 36. gxf3 Rd2+ 37. Kg3 Rb2 38. Ra1 Rxb4 39. Rxa7 h6 40. Ra8+ Kf7 41.
Ra7+ Kg6 42. Rd7 h5 43. Rd3 Kg5 44. Rd2 h4+ 45. Kg2 Kf4 46. Kf2 Rb3 47. Rc2 Rxf3+
48. Kg2 e4 49. Kg1 Rxh3 50. Kg2 Rg3+ 51. Kh2 e3 52. Re2 Kf3 53. Rb2 e2 54. Rxe2 Kxe2
55. Kh1 Kf2 56. Kh2 g6 57. Kh1 Rh3+  0-1

[Event "British Chess Championships 2023: Junior Blitz Open"]
[Site "The Venue, De Montfort University, 20 Western Boulevard, Leicester, LE2 7BU"]
[Date "2023.07.27"]
[Round "5"]
[Board "22"]
[White "Calvert, George"]
[Black "Parikh, Naavya"]
[Result "0-1"]
[WhiteElo "1536"]
[BlackElo "1374"]
[PlyCount "0"]
[EventDate "2023.07.27"]
[EventRounds "9"]
[EventCountry "ENG"]

1. e4 e5 2. Nf3 Nc6 3. Nc3 Nf6 4. Bc4 Nxe4 5. Nxe4 d5 6. Bd3 dxe4 7. Bxe4 Bg4 8.
O-O Bd6 9. d3 O-O 10. Bg5 Bxf3 11. Qxf3 Qxg5 12. Bxc6 bxc6 13. Qxc6 Qh5 14. g3 Rab8
15. b3 Qg6 16. Rfe1 Rfe8 17. d4 f6 18. dxe5 Bxe5 19. Rad1 Bd6 20. Qc4+ Qf7 21. Qc6
Red8 22. Re4 Be5 23. Rde1 h6 24. f4 Bd6 25. Re6 Qf8 26. Qc4 Kh8 27. Qc6 Bc5+ 28.
Kg2 Rb6 29. Qe4 Rxe6 30. Qxe6 Rd2+ 31. Re2 Rxe2+ 32. Qxe2 Qd6 33. Qe8+ Kh7 34. Qe4+
g6 35. Qe2 Qe7 36. Qd3 Kg7 37. Kh3 Qe6+ 38. Kg2 Qd6 39. Qb5 h5 40. Qe2 Kh6 41. Kh3
Qd7+ 42. Kg2 Qc6+ 43. Kh3 Qd6 44. Qe8 Qe7 45. Qh8+ Qh7 46. Qd8 Be7 47. Qd2 g5 48.
fxg5+ fxg5 49. Qe2 Qf5+ 50. Kg2 Bd6 51. c4 Qf6 52. Qc2 Qe5 53. c5 Qxc5 54. Qe2 Qd5+
55. Kh3 Qe5 56. Qc4 g4+ 57. Kg2 Bc5 58. Qc1+ Qe3 59. Qf1 Kg5 60. h4+ gxh3+ 61. Kxh3
Bd6 62. Qg2 Be5 63. a4 h4 64. Kh2 Qxg3+ 65. Qxg3+ hxg3+ 66. Kg2 Kf4 67. a5 Ke3 68.
a6 Kd4 69. b4 Kc4 70. b5 Kxb5 71. Kf3 c5 72. Kg2 c4 73. Kf3 c3 74. Kg2 c2 75. Kf3
c1=Q 76. Kg2 Qd2+ 77. Kf3 Qf4+ 78. Kg2 Qf2+ 79. Kh3 g2 80. Kg4 g1=R+ 81. Kh3 Qh2#
 0-1

[Event "British Chess Championships 2023: Junior Blitz Open"]
[Site "The Venue, De Montfort University, 20 Western Boulevard, Leicester, LE2 7BU"]
[Date "2023.07.27"]
[Round "5"]
[Board "23"]
[White "Wills, Jack"]
[Black "Bates, Hubert"]
[Result "0-1"]
[WhiteElo "1655"]
[BlackElo "1424"]
[PlyCount "0"]
[EventDate "2023.07.27"]
[EventRounds "9"]
[EventCountry "ENG"]

1. d4 Nf6 2. Nf3 d5 3. c4 e6 4. Bf4 Bb4+ 5. Nc3 O-O 6. e3 c5 7. Be2 Nc6 8. O-O Bd7
9. a3 Bxc3 10. bxc3 Rc8 11. h3 Re8 12. Rb1 b6 13. cxd5 Nxd5 14. c4 Nxf4 15. exf4
cxd4 16. Nxd4 Nxd4 17. Qxd4 Bc6 18. Qxd8 Rexd8 19. Rfd1 Kf8 20. Rd3 Rxd3 21. Bxd3
Rd8 22. Rd1 Be4 23. Be2 Rxd1+ 24. Bxd1 Bd3 25. Bb3 Ke7 26. g3 Kd6 27. Kg2 Kc5 28.
Kf3 Bxc4 29. Bc2 g6 30. Ke3 a6 31. Be4 a5 32. g4 b5 33. f5 b4 34. fxg6 fxg6 35. axb4+
Kxb4 36. f4 a4 37. f5 a3 38. fxg6 hxg6 39. Bb1 a2 40. Bxa2 Bxa2 41. Kf4 Bb1 42. h4
Kc5 43. h5 gxh5 44. gxh5 Kd4 45. Kg5 e5 46. h6 Bh7 47. Kf6 Kd5 48. Kg7 Bc2 49. Kf6
Kd4 50. Kg5 Bh7 51. Kg4 e4 52. Kg3 e3 53. Kg2 Kd3 54. Kf1 Kd2 55. Kg2 e2 56. Kf3
e1=Q 57. Kg4 Qe4+ 58. Kg5 Qg6+ 59. Kh4 Qxh6+ 60. Kg4 Bf5+ 61. Kxf5 Qh4 62. Ke5 Ke3
63. Kd5 Qe4+ 64. Kc5 Qd3 65. Kc6 Qd4 66. Kc7 Qd5 67. Kc8 Qf7 68. Kd8 Kd4 69. Kc8
Kc5 70. Kd8 Kd6 71. Kc8 Qc7#  0-1